MATHS AND ENGLISH FOR BEAUTY THERAPY (Record no. 215908)

MARC details
000 -LEADER
fixed length control field 00456nam a22001697a 4500
008 - FIXED-LENGTH DATA ELEMENTS--GENERAL INFORMATION
fixed length control field 250716b |||||||| |||| 00| 0 eng d
020 ## - INTERNATIONAL STANDARD BOOK NUMBER
International Standard Book Number 978-1-4080-7268-4
050 ## - LIBRARY OF CONGRESS CALL NUMBER
Classification number RA778 .S64 2013
100 ## - MAIN ENTRY--PERSONAL NAME
Personal name SPENCER, ANDREW
245 ## - TITLE STATEMENT
Title MATHS AND ENGLISH FOR BEAUTY THERAPY
260 ## - PUBLICATION, DISTRIBUTION, ETC.
Place of publication, distribution, etc. UNITED KINGDOM
Name of publisher, distributor, etc. CENGAGE LEARNING EMEA
Date of publication, distribution, etc. 2013
300 ## - PHYSICAL DESCRIPTION
Extent VI,78P.:ILL
650 ## - SUBJECT ADDED ENTRY
Topical term or geographic name entry element BEAUTY THERAPY
700 ## - ADDED ENTRY--PERSONAL NAME
Personal name HABIA
942 ## - ADDED ENTRY ELEMENTS (KOHA)
Source of classification or shelving scheme Library of Congress Classification
Koha item type Long Loan Book
Holdings
Withdrawn status Lost status Source of classification or shelving scheme Damaged status Not for loan Collection Home library Current library Shelving location Date acquired Inventory number Total checkouts Full call number Barcode Date last seen Copy number Price effective from Koha item type
    Library of Congress Classification     Medicine Kisii University Library Kisii University Library On Display 07/16/2025 109192   RA778 .S64 2013 000000020390 07/16/2025 1 07/16/2025 Long Loan Book
    Library of Congress Classification     Medicine Kisii University Library Kisii University Library On Display 07/16/2025 109193   RA778 .S64 2013 000000020389 07/16/2025 2 07/16/2025 Long Loan Book